¿Qué sabemos sobre los directores de escuela en Chile?
Guardat en:
| Altres autors: | , |
|---|---|
| Format: | Llibre |
| Publicat: |
Santiago, Chile:
Centro de Innovación en Educación de Funación Chile; Centro de Estudios de Políticas y Prácticas en Educación,
2012.
|
| Col·lecció: | Colección Centro de Estudios de Políticas y Prácticas en Educación
|
| Matèries: | |
| Etiquetes: |
Afegir etiqueta
Sense etiquetes, Sigues el primer a etiquetar aquest registre!
|
MARC
| LEADER | 00000nam a22000007a 4500 | ||
|---|---|---|---|
| 003 | CL-VaPUC | ||
| 005 | 20240402164543.0 | ||
| 008 | 240326t2012 ||||| |||| 00| 0 eng d | ||
| 999 | |c 443335 |d 443333 | ||
| 020 | |a 978-956-820-25-1 | ||
| 040 | |c Pontificia Universidad Católica de Valparaíso | ||
| 082 | 7 | |a 371.20110983 WEI 2012 |2 22 | |
| 100 | |a Weinstein, José |9 308660 |e editor | ||
| 245 | |a ¿Qué sabemos sobre los directores de escuela en Chile? | ||
| 260 | |a Santiago, Chile: |b Centro de Innovación en Educación de Funación Chile; |b Centro de Estudios de Políticas y Prácticas en Educación, |c 2012. | ||
| 300 | |a 455 páginas. | ||
| 490 | |a Colección Centro de Estudios de Políticas y Prácticas en Educación | ||
| 500 | |a c.1 Donación Escuela Ingeniería Industrial. Memo EII 02/2024. 25-01-2024. | ||
| 583 | |c 20240326 |k Catalogador Asistente | ||
| 650 | |a Administradores escolares |z Chile |9 887994 | ||
| 650 | |a Administración escolar |9 638801 | ||
| 700 | |a Muñoz, Gonzalo |e editor |9 887984 | ||
| 942 | |2 ddc |c BK | ||
| 952 | |0 0 |1 0 |2 ddc |4 0 |6 371_201109830000000_WEI_2012 |7 0 |8 A |9 593832 |a BIBING |b BIBING |d 2024-03-26 |e Donación |i 5660495 |o 371.20110983 WEI 2012 |p 5660495 |r 2025-01-20 |t 1 |w 2024-03-26 |y BK |k EII | ||